Fr. Conceicao Rodrigues College of Engineering

Mechnical Inspection (Record no. 31377)

MARC details
000 -LEADER
fixed length control field 00250nam a2200121Ia 4500
082 ## - DEWEY DECIMAL CLASSIFICATION NUMBER
Classification number 620.004
100 ## - MAIN ENTRY--PERSONAL NAME
Personal name Trewman/H.F
245 ## - TITLE STATEMENT
Title Mechnical Inspection
260 ## - PUBLICATION, DISTRIBUTION, ETC.
Name of publisher, distributor, etc. Pitman &sons
Date of publication, distribution, etc. 2001
546 ## - LANGUAGE NOTE
Language note ENGLISH
654 ## - SUBJECT ADDED ENTRY--FACETED TOPICAL TERMS
Focus term Mechanical
942 ## - ADDED ENTRY ELEMENTS (KOHA)
Koha item type BOOK
Holdings
Withdrawn status Lost status Damaged status Not for loan Collection Home library Current library Shelving location Date acquired Cost, normal purchase price Total Checkouts Full call number Barcode Date last seen Cost, replacement price Price effective from Koha item type
        AFT Fr. Agnel's C.Rodrigues College of Engineering Fr. Agnel's C.Rodrigues College of Engineering   17/03/2023 13.50   620.004 AFT79 17/03/2023 13.50 17/03/2023 BOOK